| 000 | 00000nam##2200000za#4500 |
| 001 | 9.699371 |
| 003 | CaOODSP |
| 005 | 20210625000341 |
| 007 | cr ||||||||||| |
| 008 | 150407|1988||||xxc|||||o f|0| 0 eng|d |
| 040 | |aCaOODSP|beng |
| 043 | |an-cn--- |
| 086 | 1 |aA43-1790/1988E-PDF |
| 110 | 1 |aCanada.|bAgriculture Canada. |bAnimal Health Division. |
| 245 | 10|aAfrican swine fever |h[electronic resource] |
| 246 | 13|aOutbreak alert |
| 260 | |aOttawa - Ontario : |bAgriculture Canada. |c1985, reprinted 1988. |
| 300 | |a8p.|bphotographs |
| 500 | |aHistorical publication digitized by Agriculture and Agri-Food Canada. |
| 590 | |a14-11-Supp|b2014-05-21 |
| 690 | 07|aAnimal diseases|2gcpds |
| 690 | 07|aLivestock|2gcpds |
| 775 | 08|tLa peste porcine africaine : |w(CaOODSP)9.643362 |
| 856 | 40|ahttp://publications.gc.ca|qPDF|s638 KB|uhttps://publications.gc.ca/collections/collection_2014/aac-aafc/agrhist/A43-1790-1988-eng.pdf |
| 986 | |a1790/E |